000 00594nam a2200193 i 4500
001 76024
003 ES-MaACL
005 20240522092750.0
007 t|
008 040928s1959 sp ||||1| spa d
100 1 _aGuardini, Romano.
_960319
245 1 0 _aOraciones teológicas /
_cRomano Guardini ; [lo tradujo del alemán, José Marís Valverde].
260 _aMadrid :
_bGuadarrama,
_c[1959] (
_fCastilla)
300 _a115 p. ;
_c19 cm.
650 0 4 _aOraciones.
_915730
700 1 _aValverde, José María,
_d1926-1996
_9113013
852 _aES-MaACL
_jC-17271
999 _c76024
_d76024